| 000 | 00911nam0a22002411 4500 | ||
|---|---|---|---|
| 001 | rc\280658 | ||
| 005 | 20030307120649.7 | ||
| 035 | _a(NLR Aleph) 005507920 | ||
| 090 |
_a5375094 _c5375094 |
||
| 100 | _a20030307d1990 u |0rusy50 ca | ||
| 101 | 0 | _arus | |
| 102 | _aRU | ||
| 105 | _ay ||||||||| | ||
| 200 | 1 |
_aОСВОЕНИЕ арендных отношений в АПК Северного Казахстана _f[Ж.Т. Сейфуллин, к. э. н. и др.] |
|
| 210 |
_aАлма-Ата _cКазинформагропром _d1990 |
||
| 215 |
_a8 с. _d20 |
||
| 225 | 1 |
_aОбзорная информация _fГос. агропром. ком. КазССР. ЦНТИ и пропаганды _vВып. 2 |
|
| 702 | 1 |
_aСейфуллин _bЖ. Т. _gЖумавек Тлеулиевич _4220 |
|
| 801 | 0 |
_aRU _bNLR _gpsbo |
|
| 801 | 1 |
_aRU _bELAR _2rusmarc |
|
| 852 |
_aNLR _jП13/1759 |
||
| 942 | _cBOOK | ||
| 980 | _aNB | ||